000 00653cam a2200217 a 4500
003 BD-DhSAU
005 20160605144319.0
008 850529s1983 cc af 000 0 eng d
020 _a0835109909
040 _aBD-DhSAU
082 _222
_a796.0951
_bCHS
245 0 0 _aSports and public health /
_ccompiled by the China Handbook Editorial Committee ; translated by Wen Botang.
250 _a1st Edition.
260 _aBeijing :
_bForeign Languages Press ,
_cc1983.
300 _a176 p. :
_bill. ;
_c19 cm.
440 0 _aChina handbook series
590 _aJerin
650 0 _aSports
_zChina.
650 0 _aPublic health
_zChina.
942 _2ddc
_cBOOK
999 _c13318
_d13317